| Tag |
First Indicator |
Second Indicator |
Subfields |
| LEADER |
00000nam a2200000 4500 |
| 001 |
in00004190813 |
| 005 |
20200806083332.0 |
| 006 |
m g d |
| 007 |
cr bn |||a|bb| |
| 008 |
870428s1683 enk o 00 eng d |
| 035 |
|
|
|a (OCoLC)15604516
|
| 035 |
|
|
|a (UnM)99890134
|
| 037 |
|
|
|a CL2105000001
|b ProQuest Information and Learning. 300 N. Zeeb Rd., Ann Arbor, MI 48106
|
| 040 |
|
|
|a Cu-RivES
|c Cu-RivES
|d CStRLIN
|d Cu-RivES
|e dcrb
|
| 245 |
0 |
3 |
|a An elegy, on the death of the reverend, learned. and pious William Bell, D.D. :
|b vicar of S. Sepulchres; who died July the 19th, 1683.
|
| 260 |
|
|
|a London, :
|b Printed by T. Moore, and J. Ashburne, for Joseph Roberts, at the Bible in Fleet-Lane,
|c 1683.
|
| 300 |
|
|
|a 1 online resource (1 sheet ([1] pages).
|
| 336 |
|
|
|a text
|b txt
|2 rdacontent
|
| 337 |
|
|
|a computer
|b c
|2 rdamedia
|
| 338 |
|
|
|a online resource
|b cr
|2 rdacarrier
|
| 500 |
|
|
|a Verse: "What bell is that? I fear it will be se'd ..."
|
| 500 |
|
|
|a Imperfect: stained.
|
| 500 |
|
|
|a Reproduction of original in the British Library.
|
| 510 |
4 |
|
|a Wing (CD-ROM, 1996)
|c E402
|
| 510 |
4 |
|
|a Early English books tract supplement interim guide
|c C.20.f.3[11]
|
| 533 |
|
|
|a Electronic reproduction.
|b Ann Arbor, Mich. :
|c UMI,
|d 1999-
|f (Early English books online)
|n Digital version of: (Early English books; Tract supplement ; A4:1[11])
|7 s1999 miun s
|
| 600 |
1 |
0 |
|a Bell, William,
|d 1626-1683
|v Poetry
|v Early works to 1800.
|
| 650 |
|
0 |
|a Elegiac poetry, English
|y 17th century.
|
| 830 |
|
0 |
|a Early English books online.
|
| 856 |
4 |
0 |
|u http://proxy.library.tamu.edu/login?url=https://search.proquest.com/docview/2240920567
|z Connect to the full text of this electronic book
|t 0
|
| 999 |
f |
f |
|s c67799f4-8404-35e4-abe7-9c60a571bcd1
|i 0255dbf5-d4f8-373e-aa88-312239e6e274
|t 0
|
| 952 |
f |
f |
|a Texas A&M University
|b College Station
|c Electronic Resources
|d Available Online
|t 0
|h No information provided
|
| 998 |
f |
f |
|t 0
|l Available Online
|